Top 100 Best Actors of All Time - Statistics

General Stats
  • This quiz has been taken 117 times
    82 since last reset
  • The average score is 42 of 100
Answer Stats
Top Actor % Correct
2 Robert De Niro
94%
7 Leonardo DiCaprio
91%
3 Al Pacino
88%
23 Brad Pitt
86%
1 Marlon Brando
80%
10 Tom Hanks
78%
12 Denzel Washington
75%
82 Tom Cruise
75%
5 Jack Nicholson
72%
27 Morgan Freeman
72%
8 Anthony Hopkins
69%
9 Paul Newman
69%
64 Charlie Chaplin
67%
14 Christian Bale
67%
4 Daniel Day-Lewis
67%
83 Harrison Ford
66%
19 Clint Eastwood
64%
51 Heath Ledger
64%
59 Casey Affleck
63%
6 Dustin Hoffman
63%
17 James Stewart
63%
34 Matthew McConaughey
63%
18 Philip Seymour Hoffman
63%
52 Samuel L. Jackson
63%
66 Cary Grant
61%
65 Buster Keaton
59%
29 Gene Hackman
59%
74 Hugh Jackman
59%
37 Johnny Depp
59%
69 Laurence Olivier
58%
31 Michael Caine
56%
21 Russell Crowe
56%
100 Cillian Murphy
55%
13 | 99 Joaquin Phoenix
53%
30 Kevin Spacey
53%
36 Adrien Brody
52%
28 Edward Norton
52%
15 Humphrey Bogart
52%
11 Gary Oldman
50%
41 Ralph Fiennes
50%
20 Sean Penn
50%
54 Ian McKellen
48%
84 Jeff Bridges
48%
78 Jim Carrey
48%
67 Orson Welles
48%
62 Richard Burton
47%
22 Robert Duvall
47%
39 Ryan Gosling
47%
38 Jake Gyllenhaal
44%
35 Javier Bardem
44%
26 Ben Kingsley
42%
79 Nicolas Cage
42%
16 Sidney Poitier
42%
63 Peter O’Toole
41%
88 Benedict Cumberbatch
39%
77 Bill Murray
39%
80 Bruce Willis
39%
60 Mark Ruffalo
39%
33 Viggo Mortensen
39%
25 Willem Dafoe
39%
24 Christopher Walken
38%
55 Benicio del Toro
36%
40 Steve McQueen
36%
73 Colin Farrell
34%
81 Keanu Reeves
34%
61 Ethan Hawke
33%
58 Forest Whitaker
33%
32 Tom Hardy
33%
56 Daniel Craig
31%
94 Mahershala Ali
25%
98 Robert Pattinson
25%
87 Michael Fassbender
22%
86 John Goodman
20%
93 Rami Malek
20%
75 Adam Driver
19%
89 Andrew Garfield
19%
76 Ben Stiller
19%
70 Robert Mitchum
19%
91 Gael García Bernal
16%
85 Tim Roth
16%
95 Jesse Eisenberg
14%
96 Paul Dano
14%
46 Gérard Depardieu
13%
72 Brendan Gleeson
11%
68 Montgomery Clift
11%
45 Alain Delon
8%
53 Andy Serkis
8%
49 Marcello Mastroianni
8%
42 Max von Sydow
8%
90 Oscar Isaac
8%
43 Toshiro Mifune
6%
44 Jean-Paul Belmondo
5%
92 Dev Patel
3%
97 Shia LaBeouf
3%
50 Bruno Ganz
2%
57 John Cazale
2%
47 Jean-Louis Trintignant
0%
71 Joaquin Cosio
0%
48 Tony Leung
0%
No matching quizzes found
Score Distribution
Percent of People with Each Score
Percentile by Number Answered
Your Score History
You have not taken this quiz since the last reset